| 000 | 00509nam a22001937a 4500 | ||
|---|---|---|---|
| 003 | NUST - PNEC | ||
| 005 | 20170116180754.0 | ||
| 008 | 150314b xxu||||| |||| 00| 0 eng d | ||
| 020 | _a0521707765 | ||
| 040 | _cLIBRARY | ||
| 082 | _a428 AND | ||
| 100 |
_91868 _a Anderson, Kenneth, |
||
| 245 |
_aStudy Speaking _c Anderson, Kenneth, |
||
| 250 | _a2th ed. | ||
| 260 |
_aU K _bKenneth Anderson _cC 2004 |
||
| 300 | _a224 . : | ||
| 650 |
_91869 _aStudy Speaking _xEng Lang-wage Study |
||
| 942 |
_2ddc _cBK |
||
| 999 |
_c62638 _d62638 |
||